Estrellitas 2, lactantes maternal 2§ semestre: técnicas de superaprendizaje
Saved in:
| Main Authors: | , , |
|---|---|
| Format: | Bog |
| Sprog: | spansk |
| Udgivet: |
Ciudad de México
Trillas
2000
|
| Fag: | |
| Tags: |
Tilføj Tag
Ingen Tags, Vær først til at tagge denne postø!
|
MARC
| LEADER | 00000nam a2200000 a 4500 | ||
|---|---|---|---|
| 001 | UCN1946 | ||
| 003 | CL-VaPUC | ||
| 008 | 010504e20000000MX |||||||||||||||||spa|d | ||
| 082 | 0 | 4 | |a 372.21 |b ALM |2 21 |
| 100 | 0 | |a Almenárez Bustamante, Lía de Jesús |e author |9 457541 | |
| 700 | 0 | |a Sarmiento, Laura Elena |e author |9 457542 | |
| 700 | 0 | |a Escalona de la Vega, Norma |e author |9 457543 | |
| 245 | 1 | 0 | |a Estrellitas 2, lactantes maternal 2§ semestre: técnicas de superaprendizaje |
| 300 | |a pág. irreg | ||
| 942 | |c BK | ||
| 945 | |d 20010504 00:00:00 |a cmena | ||
| 260 | |a Ciudad de México |b Trillas |c 2000 | ||
| 650 | 0 | |a Educación preescolar |9 260381 | |
| 650 | 0 | |a Psicología educacional |9 307830 | |
| 650 | 0 | |a Niños |9 255605 | |
| 650 | 0 | |a Estimulación precoz |9 307970 | |
| 583 | |a last modification |c 20010504 00:00:00 |k Rodrigo Vera | ||
| 999 | |c 295169 |d 295167 | ||
| 952 | |0 0 |1 0 |4 0 |6 372_210000000000000_ALM_2000 |7 0 |8 X |9 348100 |a BIBEDU |b BIBEDU |d 2019-11-20 |i 3718212 |o 372.21 ALM 2000 |p 3718212 |r 2023-01-13 |w 2019-11-20 |y BK_X |k EPE | ||